000 00496nam a2200205Ia 4500
008 210210b1938 xxu||||| |||| 00| 0 eng d
041 _aeng
082 _a538/35
100 _aLONEY (S L)
245 _aElements of statics and dynamics Part I:statics
260 _aCambridge
_bUniversity Press
_c1938
300 _a330
650 _astatics
650 _aPart
650 _aI:statics
650 _aElements
650 _adynamics
690 _aMathematical Physics
906 _a008983
999 _c126737
_d126737